Elements 26-50 - Statistics

General Stats
  • This quiz has been taken 80 times
  • The average score is 18 of 25
Answer Stats
Hint Answer % Correct
Fe Iron
100%
Zn Zinc
100%
Cu Copper
95%
Ga Gallium
95%
Co Cobalt
91%
Ni Nickel
91%
Br Bromine
86%
Ge Germanium
86%
Kr Krypton
86%
Ag Silver
86%
As Arsenic
77%
Rb Rubidium
77%
Se Selenium
73%
Y Yttrium
68%
In Indium
64%
Sn Tin
64%
Sr Strontium
59%
Cd Cadmium
55%
Rh Rhodium
55%
Mo Molybdenum
50%
Pd Palladium
50%
Zr Zirconium
50%
Nb Niobium
45%
Ru Ruthenium
36%
Tc Technetium
36%
No matching quizzes found
Score Distribution
Percent of People with Each Score
Percentile by Number Answered
Your Score History
You have not taken this quiz